[Event "EIBCC 2019"]
[Site "Tallinn"]
[Date "2019.12.07"]
[Round "1.30"]
[White "Stupak, Kirill"]
[Black "Wartiovaara, Oliver"]
[Result "1-0"]
[WhiteElo "2459"]
[BlackElo "1958"]
[Annotator "ChessBase"]
[PlyCount "69"]
[EventDate "2019.12.06"]
[EventType "swiss"]
[EventCountry "EST"]
[SourceTitle "playchess.com"]
[Source "ChessBase"]
[SourceQuality "1"]

1. d4 Nf6 2. g3 g6 3. Bg2 Bg7 4. e4 d6 5. Nc3 O-O 6. Nge2 e5 7. O-O exd4 8. Nxd4 Re8 9. h3 Nc6 10. Nde2 h5 11. Bg5 Be6 12. b3 Qd7 13. Kh2 Nh7 14. Be3 Rad8 15. Qd2 a6 16. a4 Nf6 17. Bg5 Rc8 18. Rad1 Nh7 19. Bh6 Bxh6 20. Qxh6 Qe7 21. Qd2 Kg7 22. f4 f5 23. Nd4 Nxd4 24. Qxd4+ Qf6 25. e5 dxe5 26. fxe5 Qe7 27. h4 c5 28. Qd6 Qf7 29. Ne2 c4 30. b4 c3 31. Nf4 Rc4 32. Qb6 Rcc8 33. Qxb7 Rc7 34. Qb6 Rec8 35. Nxe6+ 1-0

[Event "EIBCC 2019"]
[Site "Tallinn"]
[Date "2019.12.07"]
[Round "1.31"]
[White "Khodko, Yurii N."]
[Black "Mohr, Georg"]
[Result "1/2-1/2"]
[WhiteElo "1957"]
[BlackElo "2458"]
[Annotator "ChessBase"]
[PlyCount "160"]
[EventDate "2019.12.06"]
[EventType "swiss"]
[EventCountry "EST"]
[SourceTitle "playchess.com"]
[Source "ChessBase"]
[SourceQuality "1"]

1. e4 e6 2. d4 d5 3. e5 c5 4. Qg4 Nc6 5. Nf3 Nge7 6. Bd3 Nb4 7. dxc5 Nxd3+ 8. cxd3 Nc6 9. O-O d4 10. Nbd2 Qd5 11. Ne4 Nxe5 12. Nxe5 Qxe5 13. Bf4 Qf5 14. Qg3 f6 15. Bd6 h5 16. Bxf8 Kxf8 17. Qd6+ Kg8 18. Qxd4 Kh7 19. Qe3 Bd7 20. Nd6 Qd5 21. Qe4+ Qxe4 22. Nxe4 a5 23. Rac1 Bc6 24. Rfd1 a4 25. f3 Rhd8 26. Kf2 Rd5 27. d4 Ra5 28. Ke3 e5 29. dxe5 Rxe5 30. Kf4 Bxe4 31. fxe4 Rexc5 32. Rxc5 Rxc5 33. Rd7 Rb5 34. Rd2 Kg6 35. h4 Rb4 36. g3 b5 37. Kf3 Kf7 38. Rd7+ Ke6 39. Rd2 g6 40. Ke3 Rc4 41. Kd3 Rc8 42. Ke3 Rc4 43. Rd5 Rb4 44. Rd2 Rc4 45. Kd3 Rc6 46. Ke3 Rd6 47. Rc2 b4 48. Rc4 Rb6 49. b3 axb3 50. axb3 Kd6 51. Kd4 Rb5 52. Rc8 Ke6 53. Rc6+ Ke7 54. Rc7+ Kd6 55. Rc8 Rb7 56. Kc4 Rg7 57. Kxb4 g5 58. hxg5 Rxg5 59. Rc3 Ke5 60. Ka4 Kxe4 61. b4 Kd4 62. Rb3 Rg8 63. b5 Kc5 64. Rc3+ Kd4 65. Rc6 Rxg3 66. Rxf6 Ke5 67. Rh6 Rg4+ 68. Ka5 Rg5 69. b6 Kf4+ 70. Ka6 Kg4 71. b7 Rg8 72. Ka7 Re8 73. Rc6 Re7 74. Ka8 Rxb7 75. Kxb7 h4 76. Rh6 h3 77. Kc6 Kg3 78. Kd5 Kg2 79. Ke4 h2 80. Rxh2+ Kxh2 1/2-1/2

[Event "EIBCC 2019"]
[Site "Tallinn"]
[Date "2019.12.07"]
[Round "1.32"]
[White "Ladva, Ottomar"]
[Black "Uibokant, Mathias Robert"]
[Result "1-0"]
[WhiteElo "2457"]
[BlackElo "1956"]
[Annotator "ChessBase"]
[PlyCount "93"]
[EventDate "2019.12.06"]
[EventType "swiss"]
[EventCountry "EST"]
[SourceTitle "playchess.com"]
[Source "ChessBase"]
[SourceQuality "1"]

1. Nf3 e6 2. c4 Nf6 3. Nc3 b6 4. g3 Bb7 5. Bg2 Be7 6. O-O O-O 7. d4 d6 8. d5 exd5 9. Nd4 Re8 10. cxd5 Nbd7 11. Nc6 Bxc6 12. dxc6 Nc5 13. b4 Ne6 14. Bb2 a5 15. b5 Nc5 16. Qc2 Bf8 17. Nd5 Nxd5 18. Bxd5 Be7 19. Rad1 Bf6 20. Ba3 Qe7 21. e4 Rad8 22. f4 g6 23. Rfe1 Bg7 24. Qc4 h5 25. h4 Qf6 26. Kg2 Re7 27. Bxc5 bxc5 28. Rd2 Qc3 29. Rde2 Rb8 30. a4 Qxc4 31. Bxc4 Kf8 32. Kf3 Rbe8 33. Bd5 Rb8 34. Rb1 Rb6 35. Rg1 Bd4 36. Rgg2 f5 37. exf5 gxf5 38. Be6 Rb8 39. Bxf5 c4 40. Rxe7 Kxe7 41. Re2+ Kf6 42. Be6 c3 43. Bb3 Rf8 44. Re6+ Kg7 45. Re7+ Kh6 46. Bc2 Rc8 47. Rh7# 1-0

[Event "EIBCC 2019"]
[Site "Tallinn"]
[Date "2019.12.07"]
[Round "1.33"]
[White "Mannberg, Henry"]
[Black "Sebenik, Matej"]
[Result "0-1"]
[WhiteElo "1955"]
[BlackElo "2457"]
[Annotator "ChessBase"]
[PlyCount "60"]
[EventDate "2019.12.06"]
[EventType "swiss"]
[EventCountry "EST"]
[SourceTitle "playchess.com"]
[Source "ChessBase"]
[SourceQuality "1"]

1. c4 e5 2. Nc3 Nf6 3. g3 Bb4 4. Nd5 Nxd5 5. cxd5 O-O 6. Bg2 d6 7. a3 Ba5 8. b4 Bb6 9. d3 a5 10. b5 f5 11. Nf3 e4 12. dxe4 fxe4 13. Nd4 Nd7 14. O-O Nc5 15. Be3 a4 16. Rb1 Bg4 17. Qc2 Qe7 18. Rb4 Rae8 19. h3 Bh5 20. Kh2 Bf7 21. Nf5 Qe5 22. Nh4 Bxd5 23. Bd4 Qg5 24. Qc1 Qxc1 25. Rxc1 Nb3 26. Rd1 Nxd4 27. Rbxd4 Bxd4 28. Rxd4 c6 29. bxc6 bxc6 30. Rxa4 g5 0-1

[Event "EIBCC 2019"]
[Site "Tallinn"]
[Date "2019.12.07"]
[Round "1.34"]
[White "Frischmann, Rick"]
[Black "Keskel, Marko"]
[Result "1-0"]
[WhiteElo "2450"]
[BlackElo "1953"]
[Annotator "ChessBase"]
[PlyCount "37"]
[EventDate "2019.12.06"]
[EventType "swiss"]
[EventCountry "EST"]
[SourceTitle "playchess.com"]
[Source "ChessBase"]
[SourceQuality "1"]

1. e4 d5 2. exd5 Qxd5 3. Nc3 Qd6 4. d4 Nf6 5. Bc4 a6 6. Nge2 Qc6 7. Bb3 Qxg2 8. Rg1 Qh3 9. Bf4 Bg4 10. Qd2 Nc6 11. Bxc7 e6 12. O-O-O Bb4 13. d5 exd5 14. Nf4 Qf3 15. Rde1+ Ne4 16. Bxd5 Bf5 17. Bxe4 Bxe4 18. Re3 Bxc3 19. bxc3 1-0

[Event "EIBCC 2019"]
[Site "Tallinn"]
[Date "2019.12.07"]
[Round "1.35"]
[White "Walther, Cliff"]
[Black "Putka, Verners"]
[Result "0-1"]
[WhiteElo "1953"]
[BlackElo "2448"]
[Annotator "NA"]
[PlyCount "58"]
[EventDate "2019.12.06"]
[EventType "swiss"]
[EventCountry "EST"]
[SourceTitle "playchess.com"]
[Source "ChessBase"]
[SourceQuality "1"]

1. d4 Nf6 2. c4 c5 3. d5 e6 4. Nc3 exd5 5. cxd5 d6 6. e4 g6 7. f3 Bg7 8. Bg5 h6 9. Be3 O-O 10. Nge2 Nbd7 11. Ng3 a6 12. a4 Rb8 13. Qd2 Kh7 14. Be2 Ne5 15. O-O Bd7 16. a5 b5 17. axb6 Rxb6 18. Rxa6 Rxa6 19. Bxa6 Qb6 20. Be2 Rb8 21. Rb1 Qb3 22. Qd1 Qb4 23. Qf1 h5 24. h3 h4 25. Nh1 Nh5 26. f4 Nf6 27. fxe5 Nxe4 28. Nxe4 Qxe4 29. Bd2 Qd4+ 0-1

[Event "EIBCC 2019"]
[Site "Tallinn"]
[Date "2019.12.07"]
[Round "1.36"]
[White "Pohjala, Henri"]
[Black "Kuizhev, Adam"]
[Result "1-0"]
[WhiteElo "2447"]
[BlackElo "1952"]
[Annotator "NA"]
[PlyCount "129"]
[EventDate "2019.12.06"]
[EventType "swiss"]
[EventCountry "EST"]
[SourceTitle "playchess.com"]
[Source "ChessBase"]
[SourceQuality "1"]

1. d4 g6 2. Nf3 Bg7 3. g3 Nf6 4. Bg2 O-O 5. O-O d5 6. b3 c6 7. Bb2 Nbd7 8. c4 e6 9. Nbd2 b6 10. Qc2 Bb7 11. e3 Rc8 12. Rac1 c5 13. Qb1 Re8 14. cxd5 Bxd5 15. Rfd1 cxd4 16. Nxd4 Rxc1 17. Rxc1 Nc5 18. Bxd5 Qxd5 19. Qc2 Nfe4 20. Nxe4 Nxe4 21. Qc6 Qxc6 22. Rxc6 Rd8 23. Kg2 h5 24. Rc7 Ra8 25. h3 Nc5 26. Bc3 Ne4 27. Bb2 Nc5 28. Kf3 e5 29. b4 Nd3 30. Bc3 exd4 31. exd4 Nc1 32. a4 Nb3 33. Ke4 Re8+ 34. Kd3 Rd8 35. Rc4 a6 36. a5 b5 37. Rc6 Nxd4 38. Rxa6 Ne6+ 39. Kc2 Rc8 40. Rb6 Rxc3+ 41. Kd2 Rb3 42. Rxb5 Rb2+ 43. Ke1 Nd4 44. Rb8+ Kh7 45. a6 Nf3+ 46. Kd1 Nd4 47. a7 Rb1+ 48. Kd2 Nf3+ 49. Ke3 Rb3+ 50. Ke2 Nd4+ 51. Kd1 Ra3 52. a8=Q Rxa8 53. Rxa8 Nc6 54. b5 Nd4 55. b6 Be5 56. Re8 Bd6 57. Rd8 Bc5 58. b7 Nc6 59. Rc8 Bxf2 60. Rxc6 Bxg3 61. Rc8 g5 62. b8=Q Bxb8 63. Rxb8 g4 64. hxg4 hxg4 65. Ke2 1-0

[Event "EIBCC 2019"]
[Site "Tallinn"]
[Date "2019.12.07"]
[Round "3.1"]
[White "Andriasian, Zaven"]
[Black "Kunitson, Nikolai"]
[Result "1-0"]
[WhiteElo "2766"]
[BlackElo "2241"]
[Annotator "TA"]
[PlyCount "69"]
[EventDate "2019.12.06"]
[EventType "swiss"]
[EventCountry "EST"]
[SourceTitle "playchess.com"]
[Source "ChessBase"]
[SourceQuality "1"]

1. e4 d6 2. d4 g6 3. Nc3 Bg7 4. f4 Nd7 5. Nf3 c6 6. Bd3 Qc7 7. Qe2 e5 8. Be3 Ngf6 9. O-O-O b5 10. Bxb5 O-O 11. Bc4 Rb8 12. dxe5 dxe5 13. f5 Rb4 14. a3 Rb8 15. Ng5 Nb6 16. Bc5 Nxc4 17. Qxc4 Qb7 18. Bxf8 Bxf8 19. Na4 Ng4 20. Rhe1 Bh6 21. h4 Kg7 22. Kb1 f6 23. Ne6+ Bxe6 24. fxe6 Qc8 25. Rd7+ Kh8 26. Qc5 Qg8 27. e7 Re8 28. Qd6 f5 29. Rd8 Bg7 30. Rxe8 Qxe8 31. Qd8 Nf6 32. exf5 gxf5 33. Rxe5 Kg8 34. Rxf5 Kf7 35. Ra5 1-0

[Event "EIBCC 2019"]
[Site "Tallinn"]
[Date "2019.12.07"]
[Round "3.2"]
[White "Nestor, Kaarel"]
[Black "Morozevich, Alexander"]
[Result "0-1"]
[WhiteElo "2239"]
[BlackElo "2712"]
[Annotator "TA"]
[PlyCount "74"]
[EventDate "2019.12.06"]
[EventType "swiss"]
[EventCountry "EST"]
[SourceTitle "playchess.com"]
[Source "ChessBase"]
[SourceQuality "1"]

1. d4 e6 2. Nf3 c5 3. e3 Nf6 4. Be2 b6 5. O-O Bb7 6. b3 g5 7. dxc5 bxc5 8. Bb2 g4 9. Ne1 Rg8 10. c4 h5 11. Nd2 d6 12. Qc2 Nbd7 13. e4 Bh6 14. Bd3 h4 15. e5 Nxe5 16. Ne4 Bxe4 17. Bxe4 Rb8 18. Bxe5 dxe5 19. Bc6+ Ke7 20. Rd1 Qc7 21. Ba4 e4 22. Qe2 Bf4 23. g3 Be5 24. Ng2 Bd4 25. Nxh4 Rh8 26. b4 Rxb4 27. Bc2 Rxh4 28. gxh4 Qf4 29. Kg2 Rb2 30. Rb1 Qf3+ 31. Qxf3 exf3+ 32. Kg1 Rxc2 33. Rb7+ Kf8 34. Rxa7 Ne4 35. h5 Nxf2 36. h6 g3 37. hxg3 Ng4+ 0-1

[Event "EIBCC 2019"]
[Site "Tallinn"]
[Date "2019.12.07"]
[Round "3.3"]
[White "Sargissian, Gabriel"]
[Black "Degtiarev, Evgeny"]
[Result "1/2-1/2"]
[WhiteElo "2676"]
[BlackElo "2236"]
[Annotator "ChessBase"]
[PlyCount "85"]
[EventDate "2019.12.06"]
[EventType "swiss"]
[EventCountry "EST"]
[SourceTitle "playchess.com"]
[Source "ChessBase"]
[SourceQuality "1"]

1. d4 Nf6 2. c4 b6 3. Nf3 Bb7 4. g3 g6 5. Bg2 Bg7 6. O-O O-O 7. d5 c6 8. Nc3 cxd5 9. cxd5 e6 10. e4 exd5 11. exd5 Na6 12. Bg5 h6 13. Bf4 Rc8 14. Qd2 Kh7 15. Rfe1 Rxc3 16. bxc3 Nxd5 17. Be5 Nf6 18. Ng5+ hxg5 19. Bxb7 Nc5 20. Bg2 g4 21. Rad1 Re8 22. Bd4 Rxe1+ 23. Rxe1 d6 24. Bd5 Nxd5 25. Bxg7 Kxg7 26. Qxd5 Qf6 27. Qd4 Ne6 28. Qxf6+ Kxf6 29. Kf1 d5 30. Ke2 Ng5 31. Kd3 Nf3 32. Re8 Nxh2 33. Ra8 Nf3 34. Rxa7 Ne1+ 35. Kd4 Ke6 36. Rb7 Nf3+ 37. Ke3 Ng5 38. Rxb6+ Ke5 39. a4 Ne4 40. a5 Nxc3 41. a6 d4+ 42. Kd3 Nd5 43. Rb5 1/2-1/2

[Event "EIBCC 2019"]
[Site "Tallinn"]
[Date "2019.12.07"]
[Round "3.4"]
[White "Chibukhchyan, Erik"]
[Black "Mamedov, Rauf"]
[Result "0-1"]
[WhiteElo "2230"]
[BlackElo "2670"]
[Annotator "ChessBase"]
[PlyCount "84"]
[EventDate "2019.12.06"]
[EventType "swiss"]
[EventCountry "EST"]
[SourceTitle "playchess.com"]
[Source "ChessBase"]
[SourceQuality "1"]

1. c4 c5 2. Nf3 g6 3. g3 Bg7 4. Nc3 Nc6 5. Bg2 e6 6. O-O Nge7 7. d3 O-O 8. a3 d5 9. cxd5 Nxd5 10. Bd2 b6 11. Re1 Bb7 12. Rc1 Rc8 13. Qa4 Na5 14. Nxd5 Bxd5 15. Bxa5 bxa5 16. b3 Bc6 17. Qf4 Bd5 18. Qa4 Bh6 19. e3 Bg7 20. Red1 Bc6 21. Qf4 Qd5 22. Qc4 Bb2 23. Rc2 Bxa3 24. Nh4 Qxc4 25. dxc4 a4 26. Bxc6 axb3 27. Rc3 Rxc6 28. Rxb3 Bb4 29. Nf3 a5 30. Ne5 Rc7 31. Ra1 Rd8 32. Nd3 Kg7 33. Nb2 Rcd7 34. Na4 h5 35. Kg2 Rd2 36. Rab1 Rc2 37. R1b2 Rxc4 38. Nb6 Rc1 39. Ra2 g5 40. h3 g4 41. hxg4 hxg4 42. Na4 Rdd1 0-1

[Event "EIBCC 2019"]
[Site "Tallinn"]
[Date "2019.12.07"]
[Round "3.5"]
[White "Lazavik, Denis"]
[Black "Postny, Evgeny"]
[Result "1-0"]
[WhiteElo "2222"]
[BlackElo "2661"]
[Annotator "ChessBase"]
[PlyCount "81"]
[EventDate "2019.12.06"]
[EventType "swiss"]
[EventCountry "EST"]
[SourceTitle "playchess.com"]
[Source "ChessBase"]
[SourceQuality "1"]

1. d4 d5 2. c4 c6 3. Nf3 Nf6 4. Qc2 dxc4 5. Qxc4 Bg4 6. Nbd2 Nbd7 7. g3 e6 8. Bg2 Be7 9. O-O O-O 10. b3 a5 11. a3 Bf5 12. Bb2 h6 13. e3 c5 14. Rfc1 a4 15. dxc5 Nxc5 16. Bd4 axb3 17. Ne5 Bc2 18. Ndf3 Qd5 19. Qxd5 Nxd5 20. Ne1 Rfc8 21. Nxc2 bxc2 22. Rxc2 Nb3 23. Rxc8+ Rxc8 24. Rb1 Nxd4 25. exd4 Nc3 26. Rxb7 Ne2+ 27. Kf1 Nxd4 28. Be4 Bxa3 29. Nxf7 Bc5 30. Ne5 Rd8 31. h4 Rf8 32. Ng6 Rc8 33. h5 Bd6 34. Rb6 Bc7 35. Ne7+ Kf7 36. Nxc8 Bxb6 37. Nxb6 Kf6 38. Bg6 Nc6 39. Nd7+ Kg5 40. Kg2 Ne7 41. f4+ 1-0

[Event "EIBCC 2019"]
[Site "Tallinn"]
[Date "2019.12.07"]
[Round "3.6"]
[White "Pogan, Nikolas"]
[Black "Riazantsev, Alexander"]
[Result "0-1"]
[WhiteElo "2221"]
[BlackElo "2635"]
[Annotator "ChessBase"]
[PlyCount "92"]
[EventDate "2019.12.06"]
[EventType "swiss"]
[EventCountry "EST"]
[SourceTitle "playchess.com"]
[Source "ChessBase"]
[SourceQuality "1"]

1. Nf3 d5 2. d4 Nf6 3. c4 e6 4. g3 Bb4+ 5. Nbd2 O-O 6. Qc2 b6 7. Bg2 Bb7 8. O-O Be7 9. Ne5 c5 10. cxd5 Bxd5 11. e4 Bb7 12. dxc5 bxc5 13. Ndc4 Nc6 14. Nxc6 Bxc6 15. Rd1 Qc8 16. b3 a5 17. Nb6 Qb7 18. Nxa8 Nxe4 19. Bb2 Rxa8 20. h4 h6 21. Re1 f5 22. Rad1 Bf8 23. Be5 Qf7 24. Qb2 Qg6 25. Kh2 Be7 26. Qe2 Bd5 27. Rc1 Qe8 28. Red1 a4 29. bxa4 Rxa4 30. Rc2 Qa8 31. Ra1 c4 32. f3 Nc5 33. f4 Ne4 34. Bxe4 fxe4 35. Qe3 Ra3 36. Qd4 Qe8 37. Rc3 Ra5 38. Bxg7 Qg6 39. Be5 Bc5 40. Qd1 e3 41. h5 Qf5 42. g4 Qe4 43. Qg1 e2 44. Qg3 Rxa2 45. Re1 Qh1+ 46. Rxh1 e1=Q+ 0-1

[Event "EIBCC 2019"]
[Site "Tallinn"]
[Date "2019.12.07"]
[Round "3.7"]
[White "Demidov, Mikhail"]
[Black "Golikov, Daniil"]
[Result "1-0"]
[WhiteElo "2631"]
[BlackElo "2220"]
[Annotator "ChessBase"]
[PlyCount "79"]
[EventDate "2019.12.06"]
[EventType "swiss"]
[EventCountry "EST"]
[SourceTitle "playchess.com"]
[Source "ChessBase"]
[SourceQuality "1"]

1. Nf3 Nf6 2. g3 g6 3. b3 Bg7 4. Bb2 O-O 5. Bg2 d6 6. d4 Nbd7 7. O-O c6 8. c4 Qc7 9. Nc3 e5 10. Qc2 Re8 11. e3 a6 12. Rac1 Rb8 13. Rfd1 Nf8 14. b4 Bg4 15. h3 exd4 16. hxg4 dxc3 17. Qxc3 Ne6 18. Qd3 Nxg4 19. Bxg7 Kxg7 20. Qxd6 Rbd8 21. Qxc7 Nxc7 22. Nd4 Ne5 23. Bf1 Kf6 24. Nb3 Ke7 25. f4 Ng4 26. Re1 Kf8 27. e4 b6 28. e5 Ne6 29. c5 bxc5 30. bxc5 Ra8 31. Bg2 Rec8 32. Na5 Nd8 33. Bf3 h5 34. Red1 Rab8 35. Rxd8+ Rxd8 36. Nxc6 Ne3 37. Nxd8 Rxd8 38. c6 Nf5 39. c7 Rc8 40. Bb7 1-0

[Event "EIBCC 2019"]
[Site "Tallinn"]
[Date "2019.12.07"]
[Round "3.8"]
[White "Ziska, Helgi Dam"]
[Black "Medar, Marti"]
[Result "1-0"]
[WhiteElo "2614"]
[BlackElo "2218"]
[Annotator "ChessBase"]
[PlyCount "73"]
[EventDate "2019.12.06"]
[EventType "swiss"]
[EventCountry "EST"]
[SourceTitle "playchess.com"]
[Source "ChessBase"]
[SourceQuality "1"]

1. e4 e6 2. d3 b6 3. f4 Bb7 4. Nf3 d6 5. g3 Nd7 6. Bg2 g6 7. O-O Bg7 8. c3 Ne7 9. Be3 O-O 10. Nbd2 a6 11. Re1 d5 12. e5 Nf5 13. Bf2 h5 14. b4 c5 15. bxc5 bxc5 16. Rb1 Bc6 17. Nb3 Ba4 18. Qc1 Qc7 19. Qa3 Bxb3 20. axb3 Rfb8 21. c4 Rb4 22. cxd5 exd5 23. e6 fxe6 24. Rxe6 Nf8 25. Rxa6 Rd8 26. Ra7 Qb6 27. Ra6 Qb8 28. Bxc5 Rb5 29. d4 Nd7 30. Rxg6 Nxc5 31. dxc5 Ne3 32. b4 Nxg2 33. Kxg2 d4 34. Qb3+ Kh7 35. Qf7 Rg8 36. Ng5+ Kh8 37. Rh6+ 1-0

[Event "EIBCC 2019"]
[Site "Tallinn"]
[Date "2019.12.07"]
[Round "3.9"]
[White "Lysyj, Igor"]
[Black "Paakkonen, Timo"]
[Result "1-0"]
[WhiteElo "2600"]
[BlackElo "2216"]
[Annotator "ChessBase"]
[PlyCount "71"]
[EventDate "2019.12.06"]
[EventType "swiss"]
[EventCountry "EST"]
[SourceTitle "playchess.com"]
[Source "ChessBase"]
[SourceQuality "1"]

1. d4 Nc6 2. Nf3 d6 3. c4 e5 4. d5 Nce7 5. e4 Ng6 6. Nc3 Be7 7. g3 Nf6 8. Be2 O-O 9. h3 c6 10. Be3 cxd5 11. cxd5 b6 12. Nd2 Nd7 13. h4 Nc5 14. b4 Na6 15. a3 f5 16. exf5 Rxf5 17. Nde4 Nc7 18. Bg4 Rf8 19. h5 Nh8 20. Rc1 Nf7 21. Bxc8 Rxc8 22. Qg4 Kh8 23. Kf1 Ne8 24. Kg2 Nh6 25. Bxh6 gxh6 26. Nb5 Rxc1 27. Rxc1 Nf6 28. Nxf6 Bxf6 29. Rc6 Be7 30. Nc7 Rf6 31. Ne6 Qg8 32. Qxg8+ Kxg8 33. Rc7 Kf7 34. Rxa7 e4 35. g4 Rf3 36. Nd4 1-0

[Event "EIBCC 2019"]
[Site "Tallinn"]
[Date "2019.12.07"]
[Round "3.10"]
[White "Chernyak, Viktoria"]
[Black "Guseinov, Gadir"]
[Result "0-1"]
[WhiteElo "2213"]
[BlackElo "2593"]
[Annotator "ChessBase"]
[PlyCount "78"]
[EventDate "2019.12.06"]
[EventType "swiss"]
[EventCountry "EST"]
[SourceTitle "playchess.com"]
[Source "ChessBase"]
[SourceQuality "1"]

1. c4 g6 2. g3 Bg7 3. Bg2 d6 4. d4 Nd7 5. Nc3 e5 6. Nf3 Ne7 7. O-O O-O 8. e4 exd4 9. Nxd4 Nc6 10. Be3 Nde5 11. Nxc6 bxc6 12. Qe2 Ba6 13. Qc2 Nxc4 14. Bf4 Rb8 15. Rab1 Qf6 16. Rfc1 g5 17. Bd2 Ne5 18. Be3 Bd3 19. Qd2 Bxb1 20. Rxb1 Nc4 21. Qe2 Nxe3 22. Qxe3 h6 23. h3 Qd4 24. Qe2 Rfe8 25. Rd1 Qb4 26. Rd2 d5 27. Qd1 dxe4 28. Rd7 Qxb2 29. Nxe4 Qb1 30. Qxb1 Rxb1+ 31. Kh2 Rb2 32. Rxc7 Rxa2 33. Rxc6 a5 34. Bf3 a4 35. Kg2 a3 36. Ra6 Bd4 37. Ra4 Rxe4 38. Bxe4 Rxf2+ 39. Kh1 a2 0-1

[Event "EIBCC 2019"]
[Site "Tallinn"]
[Date "2019.12.07"]
[Round "3.11"]
[White "Esipenko, Andrey"]
[Black "Semjonovs, Ilja"]
[Result "1/2-1/2"]
[WhiteElo "2582"]
[BlackElo "2207"]
[Annotator "ChessBase"]
[PlyCount "138"]
[EventDate "2019.12.06"]
[EventType "swiss"]
[EventCountry "EST"]
[SourceTitle "playchess.com"]
[Source "ChessBase"]
[SourceQuality "1"]

1. d4 Nf6 2. Nf3 g6 3. c4 Bg7 4. Nc3 d5 5. cxd5 Nxd5 6. e4 Nxc3 7. bxc3 c5 8. Be3 O-O 9. Qd2 cxd4 10. cxd4 Nc6 11. Rc1 Bg4 12. d5 Bxf3 13. gxf3 Ne5 14. Be2 Rc8 15. O-O Qd7 16. Kg2 b5 17. Qb4 a6 18. h3 Rxc1 19. Rxc1 f5 20. f4 Nf7 21. e5 Qxd5+ 22. Bf3 Qd8 23. Rc6 g5 24. e6 Nd6 25. fxg5 f4 26. Bb6 Qe8 27. Rxd6 exd6 28. Qxd6 Rf5 29. h4 Re5 30. Bg4 Kh8 31. Qd7 Qa8+ 32. Bf3 Qg8 33. e7 h6 34. Bd4 Rxe7 35. Qxe7 Bxd4 36. Qd6 Bg7 37. Qxa6 hxg5 38. hxg5 Qe8 39. Qd6 Qe5 40. Qg6 Kg8 41. Be4 Kf8 42. Bf3 Ke7 43. Qh5 Kd6 44. Qg4 Kc5 45. g6 Kb4 46. Bd1 Kc5 47. Bb3 Kb6 48. Bc2 Kc5 49. Qf3 Qd5 50. Be4 Qxa2 51. Qxf4 Qb2 52. Qc7+ Kb4 53. Qd6+ Ka5 54. Qc7+ Kb4 55. Bc6 Qe5 56. Qxe5 Bxe5 57. Kf3 Kc5 58. Ke4 Bg7 59. Be8 b4 60. f4 b3 61. Ba4 b2 62. Bc2 Kd6 63. Kf5 Ke7 64. Kg5 Kf8 65. f5 Ke7 66. Bb1 Bf6+ 67. Kh6 Kf8 68. Bc2 Bc3 69. Kg5 Kg7 1/2-1/2

[Event "EIBCC 2019"]
[Site "Tallinn"]
[Date "2019.12.07"]
[Round "3.12"]
[White "Dubrovin, Robert"]
[Black "Yuffa, Daniil"]
[Result "1-0"]
[WhiteElo "2206"]
[BlackElo "2582"]
[Annotator "ChessBase"]
[PlyCount "99"]
[EventDate "2019.12.06"]
[EventType "swiss"]
[EventCountry "EST"]
[SourceTitle "playchess.com"]
[Source "ChessBase"]
[SourceQuality "1"]

1. d4 Nf6 2. c4 e6 3. Nc3 c5 4. d5 exd5 5. cxd5 d6 6. Nf3 g6 7. Nd2 Bg7 8. e4 O-O 9. Be2 Re8 10. O-O a6 11. a4 Nbd7 12. f4 Rb8 13. Kh1 Nb6 14. a5 Na8 15. Qc2 Nc7 16. Nc4 Nb5 17. Nxb5 axb5 18. Nd2 Nxd5 19. Nf3 Nb4 20. Qd1 Rxe4 21. Bxb5 Bf5 22. Bd2 Qe7 23. Ng5 Rd4 24. Re1 Qf8 25. Nf3 Bg4 26. Be2 Nd3 27. Rf1 Bxf3 28. Rxf3 Nxb2 29. Qc2 Rxd2 30. Qxd2 Nc4 31. Bxc4 Bxa1 32. f5 Re8 33. fxg6 hxg6 34. Bxf7+ Qxf7 35. Rxf7 Kxf7 36. Qa2+ d5 37. Qxa1 d4 38. Qf1+ Kg7 39. h3 Rd8 40. Qd3 Rd7 41. Kg1 c4 42. Qxc4 d3 43. Qc3+ Kf7 44. Qd2 Ke6 45. Kf2 Rd5 46. Ke3 Kd7 47. h4 Kc6 48. g4 Kb5 49. Qxd3+ Rxd3+ 50. Kxd3 1-0

[Event "EIBCC 2019"]
[Site "Tallinn"]
[Date "2019.12.07"]
[Round "3.13"]
[White "Saric, Ante"]
[Black "Opryshko, Stanislav"]
[Result "1-0"]
[WhiteElo "2577"]
[BlackElo "2205"]
[Annotator "ChessBase"]
[PlyCount "137"]
[EventDate "2019.12.06"]
[EventType "swiss"]
[EventCountry "EST"]
[SourceTitle "playchess.com"]
[Source "ChessBase"]
[SourceQuality "1"]

1. Nf3 Nf6 2. g3 b5 3. Bg2 Bb7 4. Na3 a6 5. c4 b4 6. Nc2 c5 7. O-O d6 8. d4 Nbd7 9. d5 g6 10. b3 Bg7 11. Bb2 a5 12. a4 Qc7 13. e4 O-O-O 14. Qe2 Ne5 15. Nd2 h5 16. f4 Neg4 17. h3 Nh6 18. Ne3 Rhg8 19. Rae1 Nd7 20. Bxg7 Rxg7 21. Nf3 f6 22. Nd1 Nf7 23. Nf2 Rh8 24. Nd3 g5 25. fxg5 Nxg5 26. Nh4 Ne5 27. Nxe5 dxe5 28. Nf5 Rgh7 29. h4 Nf7 30. Bh3 Kb8 31. Kh2 Nd6 32. Rf3 Bc8 33. Nxd6 Qxd6 34. Bxc8 Kxc8 35. Rf5 Qd8 36. Ref1 Kc7 37. d6+ Qxd6 38. Rd1 Qc6 39. Rf3 Rd8 40. Rxd8 Kxd8 41. Rd3+ Ke8 42. Qe3 Kf7 43. Rd5 Qc8 44. Rxc5 Qg4 45. Rxa5 Qd1 46. Rd5 Qc2+ 47. Rd2 Qc1 48. Re2 Qb1 49. Qf3 Rg7 50. Qxh5+ Kg8 51. Qf3 Qd1 52. Rf2 Qe1 53. Rg2 Kf7 54. h5 Rg5 55. g4 Qh4+ 56. Qh3 Qe1 57. h6 Kg8 58. Qg3 Qxe4 59. Rd2 Kh7 60. Rg2 Qg6 61. Kg1 Qb1+ 62. Kh2 Qg6 63. c5 e4 64. c6 e3 65. Qxe3 Qxh6+ 66. Kg1 e5 67. Rh2 Rxg4+ 68. Kh1 Rh4 69. Qxh6+ 1-0

[Event "EIBCC 2019"]
[Site "Tallinn"]
[Date "2019.12.07"]
[Round "3.14"]
[White "Belenkaya, Dina"]
[Black "Sanal, Vahap"]
[Result "0-1"]
[WhiteElo "2203"]
[BlackElo "2563"]
[Annotator "ChessBase"]
[PlyCount "78"]
[EventDate "2019.12.06"]
[EventType "swiss"]
[EventCountry "EST"]
[SourceTitle "playchess.com"]
[Source "ChessBase"]
[SourceQuality "1"]

1. e4 c5 2. Nc3 Nc6 3. Nge2 d6 4. d4 cxd4 5. Nxd4 Nf6 6. Nf3 e6 7. Be2 Be7 8. O-O a6 9. Re1 O-O 10. Bf1 b5 11. a3 Bb7 12. Bg5 Rc8 13. Qd2 h6 14. Bf4 Qc7 15. Rad1 Ne5 16. Nxe5 dxe5 17. Bg3 Nh5 18. Qd7 Nxg3 19. hxg3 Bc5 20. Qxc7 Rxc7 21. Rd2 Bd4 22. Nd1 g6 23. c3 Ba7 24. Kh2 h5 25. f3 Kg7 26. Ne3 f5 27. exf5 exf5 28. Nd5 Rd7 29. Rxe5 Rfd8 30. c4 bxc4 31. Bxc4 Bb8 32. Ree2 Bxd5 33. Bxd5 Rxd5 34. Rxd5 Rxd5 35. Re7+ Kf6 36. Rb7 Bd6 37. b4 h4 38. Rb6 hxg3+ 39. Kh3 Rd1 0-1

[Event "EIBCC 2019"]
[Site "Tallinn"]
[Date "2019.12.07"]
[Round "3.15"]
[White "Kulaots, Kaido"]
[Black "Snihur, Piotr"]
[Result "1/2-1/2"]
[WhiteElo "2562"]
[BlackElo "2202"]
[Annotator "ChessBase"]
[PlyCount "120"]
[EventDate "2019.12.06"]
[EventType "swiss"]
[EventCountry "EST"]
[SourceTitle "playchess.com"]
[Source "ChessBase"]
[SourceQuality "1"]

1. e4 c5 2. Nf3 d6 3. d4 cxd4 4. Nxd4 Nf6 5. Nc3 a6 6. Be2 e6 7. O-O Be7 8. f4 O-O 9. Be3 b5 10. Bf3 Nfd7 11. e5 d5 12. Qe1 Bb7 13. Qg3 Qc7 14. Nxd5 Bxd5 15. Bxd5 Ra7 16. Bxe6 Bc5 17. Bb3 Nc6 18. Nf5 Bxe3+ 19. Qxe3 Na5 20. e6 Nxb3 21. cxb3 fxe6 22. Qxe6+ Kh8 23. Nd6 Nc5 24. Qd5 Qb6 25. Kh1 Rd7 26. Rad1 Nb7 27. Nc4 Rxd5 28. Nxb6 Rxd1 29. Rxd1 Rxf4 30. Kg1 Rf7 31. b4 Kg8 32. Rd7 Kf8 33. Rxf7+ Kxf7 34. Nd5 a5 35. bxa5 Nxa5 36. b4 Nc4 37. Nc3 Nd6 38. Kf2 Ke6 39. Ke3 Ke5 40. Kd3 g5 41. g3 h5 42. Ke3 h4 43. gxh4 gxh4 44. Kf3 Kd4 45. Nxb5+ Nxb5 46. Kg4 Kc4 47. Kxh4 Kxb4 48. Kg5 Nd4 49. Kf4 Ka3 50. h4 Ne6+ 51. Kf5 Nf8 52. h5 Kxa2 53. h6 Kb3 54. Kf6 Kc4 55. Kg7 Ne6+ 56. Kf6 Nf8 57. Kf7 Nh7 58. Kg6 Nf8+ 59. Kg7 Ne6+ 60. Kg8 Ng5 1/2-1/2